Statistics for African Island Countries - Map Quiz

Click here to take the quiz!

General Stats

  • This quiz has been taken 153 times
  • The average score is 5 of 6

Answers on the Map

Answers color-coded by a green-red scale on the quiz's map according to % correct below.
 

Answer Stats

Answer% Correct
São Tomé and Príncipe
92%
Cape Verde
91%
Madagascar
88%
Mauritius
87%
Comoros
84%
Seychelles
78%

Score Distribution

Percentile by Number Answered

Percent of People with Each Score

Your Score History

You have not taken this quiz